00761cam a22002051 4500001001300000003000400013005001700017008004100034010001700075035001900092040004800111042001200159050001600171100003200187245021100219260004400430300001800474650004600492999001700538pa 61000047 DLC20260227111855.0780803s1961 dcu i000 0 eng c apa 61000047  a(OCoLC)4108202 aPan American Union. LibrarycMsHaUdIUdDLC apremarc00aLA543b.A462 aAguirre Beltrán, Gonzalo.10aOrganization and structure of Latin American universities.c[Translated into English by the Documentation and Information Service of the Division of Education, Dept. of Cultural Affairs, Pan American Union] aWashington,bPan American Unionc[1961] a21 p.c28 cm. 0aUniversities and collegeszLatin America. c51472d51472